তিস্তাপারের বৃত্তান্ত [ষোড়শ সংস্করণ] = Tristaparer britanta [16th ed.] [in Bengali] (Record no. 57097)
[ view plain ]
| 000 -LEADER | |
|---|---|
| fixed length control field | 00689nam a2200181Ia 4500 |
| 005 - DATE AND TIME OF LATEST TRANSACTION | |
| control field | 20260603120909.0 |
| 008 - FIXED-LENGTH DATA ELEMENTS--GENERAL INFORMATION | |
| fixed length control field | 260603s9999||||xx |||||||||||||| ||und|| |
| 020 ## - INTERNATIONAL STANDARD BOOK NUMBER | |
| International Standard Book Number | 9788129519214 |
| 020 ## - INTERNATIONAL STANDARD BOOK NUMBER | |
| Qualifying information | hb |
| 082 ## - DEWEY DECIMAL CLASSIFICATION NUMBER | |
| Classification number | 891.44 |
| Item number | ROY.16E |
| 100 ## - MAIN ENTRY--PERSONAL NAME | |
| Personal name | রায়, দেবেস = Roy, Debes |
| 245 #0 - TITLE STATEMENT | |
| Title | তিস্তাপারের বৃত্তান্ত [ষোড়শ সংস্করণ] = Tristaparer britanta [16th ed.] [in Bengali] |
| 250 ## - EDITION STATEMENT | |
| Edition statement | 1st ed. 1988 ; 16th ed. 2013 |
| 260 ## - PUBLICATION, DISTRIBUTION, ETC. | |
| Place of publication, distribution, etc. | কলকাতা = Kolkata |
| Name of publisher, distributor, etc. | ডেইস পাবলিশিং = Deys Publishing |
| Date of publication, distribution, etc. | 2013 |
| 300 ## - PHYSICAL DESCRIPTION | |
| Extent | 504p. ; 21cm. |
| 653 ## - INDEX TERM--UNCONTROLLED | |
| Uncontrolled term | Bengali Language--Literature |
| 942 ## - ADDED ENTRY ELEMENTS (KOHA) | |
| Koha item type | Book |
| Withdrawn status | Lost status | Damaged status | Not for loan | Collection code | Home library | Current library | Shelving location | Date acquired | Source of acquisition | Total Checkouts | Full call number | Barcode | Date last seen | Price effective from | Koha item type |
|---|---|---|---|---|---|---|---|---|---|---|---|---|---|---|---|
| Matrubhasa Collection | LRC, IIT Indore | LRC, IIT Indore | 3rd Floor - Matrubhasa Collection | 03/06/2026 | Gratis Book Price: INR 300.00 | 891.44 ROY.16E | MB371 | 03/06/2026 | 03/06/2026 | Matrubhasa Collection |
